CRC Handbook of Chemistry and Physics 96th Edition

Enregistré dans:
Détails bibliographiques
Autres auteurs: Haynes, W.M (Éditeur intellectuel)
Format: Livre
Langue:anglais
Publié: Boca Raton CRS Press 2015
Collection:96th Edition 2015/2016
Sujets:
Accès en ligne:Voir à l'OPAC
Tags: Ajouter un tag
Pas de tags, Soyez le premier à ajouter un tag!

MARC

LEADER 00000nam a2200000 a 4500
005 20260127133925.0
008 150820 2015 000 0 eng d
020 |a 9781482260960 
035 |a vtls010862352 
039 9 |y 201508201054  |z mschk03 
040 |a STUSCHK1  |b slo  |c STUSCHK1  |e AACR2 
245 1 |a CRC Handbook of Chemistry and Physics  |b 96th Edition  |c W.M.Haynes Editor-in-Chief 
260 |a Boca Raton  |b CRS Press  |c 2015 
300 |a nepr.s.  |b il.  |c 28 cm 
490 0 |a 96th Edition 2015/2016 
650 0 |a chemistry  |x phzsics 
700 1 |a Haynes, W.M.  |4 Edt 
910 |a SCHK95 
919 |a 978-1-4822-6096-0 
999 |c 160  |d 160